00741 a2200193 45000010006000000050017000060080041000230030015000640400040000790800104001192450049002230200018002722640038002903000019003285050138003470410008004851000019004937000035005125396120260407155810.0260407a1983 arg spa dAR-UNSa-BCEJYS aAR-UNSa-BCEJYSbspacAR-UNSa-BCEJYS a330.1xCiencia económica. Conceptos fundamentales de teoría económica. Valor. Capital. Fondos10a¿Qué le ocurre a la teoría económica? a84-206-2277-X 1aMadrid :bAlianza Editorialc1983 a201 p.c20 cm. a1. La teoría económica neoclásica - 2. El marxismo - 3. El hombre social - 4. El arte de la peresuación - 5. Valores y hechos aspa1 aWard, Benjamin1 aZapatero Martín, Juan Carlos